000 00305nam a22001337a 4500
008 171027b xxu||||| |||| 00| 0 eng d
020 _a9780070496675
041 _aeng
080 _a336
100 _a55
101 _aMEN
245 _aFINANCIAL MANAGEMENT AND ANALYSIS
_cPETERSON,P.P
942 _2udc
_cBK
999 _c36045
_d36045